Problémy pri zdaňovaní stavebných pozemkov
Vysvetlenie niektorých problematických sporov, ku ktorým dochádza pri zdaňovaní stavebných pozemkov. Výklad pojmov stavebný pozemok a nezastavaný pozemok na daňové účely. Vylúčenie časti pozemku zo zdanenia. Kedy stavebnný pozemok nemôže byť zaradený do skupiny stavebných pozemkov.
Saved in:
| Main Author: | |
|---|---|
| Format: | Book Chapter |
| Language: | Slovak |
| Subjects: | |
| Tags: |
No Tags, Be the first to tag this record!
|
MARC
| LEADER | 00000naa a2200000 4500 | ||
|---|---|---|---|
| 001 | r038739 | ||
| 005 | 20230926082902.0 | ||
| 041 | 0 | |a slo | |
| 044 | |a SK | ||
| 245 | 1 | 0 | |a Problémy pri zdaňovaní stavebných pozemkov |c Iveta Harušťáková |
| 520 | |a Vysvetlenie niektorých problematických sporov, ku ktorým dochádza pri zdaňovaní stavebných pozemkov. Výklad pojmov stavebný pozemok a nezastavaný pozemok na daňové účely. Vylúčenie časti pozemku zo zdanenia. Kedy stavebnný pozemok nemôže byť zaradený do skupiny stavebných pozemkov. | ||
| 610 | 2 | 0 | |a dane z nehnuteľností |
| 610 | 2 | 0 | |a pozemky |
| 610 | 2 | 0 | |a stavby |
| 610 | 2 | 0 | |a dane z nehnuteľností |
| 610 | 2 | 0 | |a zdaňovanie |
| 610 | 2 | 0 | |a daňovníci |
| 610 | 2 | 0 | |a oslobodenie od daní |
| 100 | 1 | |a Harušťáková, Iveta | |